Русская поэзия Серебряного века и романский мир (Запись № 564157)

Подробности
000 -МАРКЕР
контрольное поле 01833nam0a2200385 4500
001 - ИДЕНТИФИКАТОР ЗАПИСИ
контрольное поле RU\NLR\bibl\1010958
005 - ИДЕНТИФИКАТОР ВЕРСИИ
контрольное поле 20250614231200.0
010 ## - МЕЖДУНАРОДНЫЙ СТАНДАРТНЫЙ НОМЕР КНИГИ (ISBN)
Номер (ISBN) 5-89332-129-4
Тираж 3000
035 ## - ДРУГИЕ СИСТЕМНЫЕ НОМЕРА
Идентификатор записи (NLR Aleph) 000998589
100 ## - ДАННЫЕ ОБЩЕЙ ОБРАБОТКИ
Данные общей обработки 20061120d2005 |||y0rusy50 ca
101 0# - ЯЗЫК РЕСУРСА
Язык текста, звукозаписи и т.д. русский
102 ## - СТРАНА ПУБЛИКАЦИИ ИЛИ ПРОИЗВОДСТВА
Страна публикации Российская Федерация
105 ## - ПОЛЕ КОДИРОВАННЫХ ДАННЫХ: ТЕКСТОВЫЕ МАТЕРИАЛЫ, МОНОГРАФИЧЕСКИЕ
Кодированные данные о монографическом текстовом документе y |||||||||
200 1# - ЗАГЛАВИЕ И СВЕДЕНИЯ ОБ ОТВЕТСТВЕННОСТИ
Основное заглавие Русская поэзия Серебряного века и романский мир
Первые сведения об ответственности В.Е. Багно
Последующие сведения об ответственности [Федер. целевая прогр. "Культура России" (Подпрогр. "Поддержка полиграфии и книгоизд. России")]
210 ## - ПУБЛИКАЦИЯ, РАСПРОСТРАНЕНИЕ И ДР.
Место издания, распространения и т.д. Санкт-Петербург
Имя издателя, распространителя и т. д. ГИПЕРИОН
Дата издания, распространения и т.д. 2005
215 ## - ФИЗИЧЕСКАЯ ХАРАКТЕРИСТИКА
Специфическое обозначение материала и объем 230, [2] с.
Размеры 21
225 1# - СЕРИЯ
Основное заглавие серии Филологическая библиотека
Сведения об ответственности отв. ред.: П.В. Дмитриев
Обозначение тома 7
300 ## - ОБЩИЕ ПРИМЕЧАНИЯ
Текст примечания На 4-й с. обл. авт.: В.Е. Багно, д.филол.н.
320 ## - ПРИМЕЧАНИЯ О НАЛИЧИИ В ДОКУМЕНТЕ БИБЛИОГРАФИИ / УКАЗАТЕЛЯ
Текст примечания Библиогр.: с. 216-226 и в подстроч. примеч.
320 ## - ПРИМЕЧАНИЯ О НАЛИЧИИ В ДОКУМЕНТЕ БИБЛИОГРАФИИ / УКАЗАТЕЛЯ
Текст примечания Др. книги авт. на 4-й с. обл.
320 ## - ПРИМЕЧАНИЯ О НАЛИЧИИ В ДОКУМЕНТЕ БИБЛИОГРАФИИ / УКАЗАТЕЛЯ
Текст примечания Имен. указ.: с. 227-231
606 1# - НАИМЕНОВАНИЕ ТЕМЫ КАК ПРЕДМЕТ
Наименование темы Поэзия русская
Хронологический подзаголовок 20 в.
Системный номер авторитетной/нормативной записи 1486832
Идентификатор авторитетной/нормативной записи RU\NLR\auth\66636833
606 1# - НАИМЕНОВАНИЕ ТЕМЫ КАК ПРЕДМЕТ
Наименование темы Русская литература
Тематический подзаголовок Связи
-- Романские литературы
Хронологический подзаголовок 20 в.
Системный номер авторитетной/нормативной записи 2454280
Идентификатор авторитетной/нормативной записи RU\NLR\auth\661458968
606 1# - НАИМЕНОВАНИЕ ТЕМЫ КАК ПРЕДМЕТ
Наименование темы Романские литературы
Тематический подзаголовок Связи
-- Русская литература
Хронологический подзаголовок 20 в.
Системный номер авторитетной/нормативной записи 2454597
Идентификатор авторитетной/нормативной записи RU\NLR\auth\661459122
686 ## - ИНДЕКСЫ ДРУГИХ КЛАССИФИКАЦИЙ
Индекс Ш5(2=Р)53-335
686 ## - ИНДЕКСЫ ДРУГИХ КЛАССИФИКАЦИЙ
Индекс Ш5(2=Р)53-318.3
686 ## - ИНДЕКСЫ ДРУГИХ КЛАССИФИКАЦИЙ
Индекс Ш5(0)947-318.3
700 #1 - ИМЯ ЛИЦА - ПЕРВИЧНАЯ ОТВЕТСТВЕННОСТЬ
Начальный элемент ввода Багно
Часть имени, кроме начального элемента ввода В. Е.
Расширение инициалов личного имени Всеволод Евгеньевич
Код отношения Автор
801 #0 - ИСТОЧНИК ЗАПИСИ
Страна Российская Федерация
Организация NLR
Дата составления 20061120
Правила каталогизации rcr
801 #1 - ИСТОЧНИК ЗАПИСИ
Страна Российская Федерация
Организация NLR
Дата составления 20061120
830 ## - ОБЩЕЕ ПРИМЕЧАНИЕ, СОСТАВЛЕННОЕ КАТАЛОГИЗАТОРОМ
Текст примечания авт. по кн.
942 ## - ДОПОЛНИТЕЛЬНЫЕ ЭЛЕМЕНТЫ ЗАПИСИ (АБИС)
Тип экземпляра АБИС Книга
980 ## - КОЛЛЕКЦИЯ
Название коллекции Национальная библиография
Экземпляры
Тип экземпляра Дата поступления Источник поступления Стоимость Библиотека постоянного хранения Библиотека текущего хранения Место хранения Шифр хранения Штрих-код Статус экземпляра
Книга 20.11.2006 Покупка 157.00 РНБ (Московский) РНБ (Московский) Русский книжный фонд: издания с 1957 года 2006-3/30846 1-690735  
Книга 20.11.2006 Подсобные фонды РНБ 157.00 РНБ (Московский) РНБ (Московский) Русский книжный фонд: издания с 1957 года 2006-3/30846 1-4760891  
Книга 20.11.2006 Покупка 157.00 РНБ (Московский) РНБ (Московский) Фонд общего зала литературы по филологии, педагогике и искусству (гуманитарной литературы) Л1 Ш5(2=Р)5-335/Б-144 1-247187  
Книга 20.11.2006 Покупка 157.00 РНБ (Московский) РНБ (Московский) Русский книжный фонд , подручный РФподр/Б-144 1-4359311  
Книга 20.11.2006 Покупка 157.00 РНБ (Садовая) РНБ (Садовая) Универсальный читальный зал У Ш5(2=Р)5-335/Б-144 1-197079